Biodegradovateľné zmesi pre 3D tlač

Guardado en:
Detalles Bibliográficos
Autor principal: Medžo, Matúš (Autor)
Otros Autores: Alexy, Pavel (Orientador)
Formato: Manuscrito Libro
Lenguaje:eslovaco
Publicado: 2025
Materias:
Acceso en línea:http://is.stuba.sk/zp/portal_zp.pl?podrobnosti=183378
Etiquetas: Agregar Etiqueta
Sin Etiquetas, Sea el primero en etiquetar este registro!

MARC

LEADER 00000ntm a22000003a 4500
001 stuzp104994
003 SK-STU
005 20250607211023.6
007 ta
008 150427s2015----xo-----f-mn---000-0-slo-d
040 |a STU  |b slo 
041 0 |a slo 
100 1 |a Medžo, Matúš  |u 049370  |4 aut  |U FCHPT Ústav prírodných a syntetických polymérov  |T FCHPT Oddelenie plastov, kaučuku a vlákien  |X 105403  |U C9370  |Y 128  |7 105403 
242 0 1 |a Biodegradable polymer blends for 3D printing  |y eng 
245 1 0 |a Biodegradovateľné zmesi pre 3D tlač 
260 |c 2025 
650 4 |a filler  |2 eng 
650 4 |a polyhydroxyalkanoate  |2 eng 
650 4 |a FDM 3D printing  |2 eng 
650 4 |a plnivo  |2 slo 
650 4 |a FDM 3D tlač  |2 slo 
650 4 |a polyhydroxyalkanoát  |2 slo 
700 1 |a Alexy, Pavel  |u 049370  |k Z1  |4 ths  |U FCHPT Ústav prírodných a syntetických polymérov  |T FCHPT Oddelenie plastov, kaučuku a vlákien  |X 3899  |U C9370  |Y 128  |7 A000003899 
856 4 |u http://is.stuba.sk/zp/portal_zp.pl?podrobnosti=183378